Statistiques concernant Dynastie de Suède

Cliquez ici pour prendre le quiz!

Statistiques générales

  • Ce quiz a été pris 9 fois
  • Le résultat moyen est 3 sur 11

Statistiques - réponses

DateDynastiePremier MonarqueDernier Monarque% Correct
1818 -BernadotteCharles XIV Jean...
100%
1523 - 1654VasaGustave IerChristine
57%
1720 - 1751HesseFrederic IerFrederic Ier
29%
1751 - 1818Holstein-GottorpAdolphe-FredericCharles XIII
29%
970 - 1060MunsöEric VIEmund III
29%
1654 - 1720Palatinat-Deux-PontsCharles X GustaveUlrique-Éléonore
29%
1250 - 1364FolkungValdemarHakon II
14%
1364 - 1389MecklembourgAlbertAlbert
14%
1060 - 1130StenkilStenkilMagnus Ier
14%
1130 - 1250Sverker et d'ÉricSverker IerEric XI
0%
1389 - 1523Union de KalmarMargueriteChristian II
0%

Distribution des résultats

Percentile par nombre de réponses

% des personnes avec chaque résultat

Votre développement - résultats

Vous n’avez pas pris ce quiz